Statistical methods in experimentation. An introduction. /

Uložené v:
Podrobná bibliografia
Hlavný autor: Lacey, Oliver L. (Author)
Médium: Kniha
Jazyk:English
Vydané: New York : Macmillan Co., 1953.
Vydanie:1st ed.
ISBN: (viaz.)
Fyzický popis: 249 s.
Tagy: Pridať tag
Žiadne tagy, Buďte prvý kto otaguje tento záznam!

MARC

LEADER 00000nam a2200000 a 4500
001 000241663
005 20091214194930.0
008 040101s1953 xxu e eng d
020 |a (viaz.) 
040 |a SVKKK  |b slo  |c SVKKK  |e AACR2 
041 0 |a eng 
044 |a xxu  |c US 
100 1 |a Lacey, Oliver L.  |4 aut 
245 1 0 |a Statistical methods in experimentation. An introduction. /  |c Oliver L. Lacey. 
250 |a 1st ed. 
260 |a New York :  |b Macmillan Co.,  |c 1953. 
300 |a 249 s. 
910 |a svkkk 
998 |a BK 
090 |g SCKHL  |k Sklad Pribinova 2. posch.  |a III.160139  |j 856971  |i 2720455531  |s Prezenčne